000 00331nam a2200145Ia 4500
008 230718s9999 xx 000 0 und d
041 _aEng.
082 _a34604
_bTRA-T
100 _aTRA
245 4 _aThe transfer of property act
260 _aPakistan
_bKausal brothers
_c2003
300 _a200
650 _aLaw
999 _c28144
_d28144